El Aleph
محفوظ في:
| المؤلف الرئيسي: | |
|---|---|
| التنسيق: | كتاب |
| اللغة: | الإسبانية |
| منشور في: |
Madrid
Alianza
1994
|
| سلاسل: | El Libro de Bolsillo. Sección Literatura, 309
|
| الموضوعات: | |
| الوسوم: |
إضافة وسم
لا توجد وسوم, كن أول من يضع وسما على هذه التسجيلة!
|
MARC
| LEADER | 00000nam a2200000 a 4500 | ||
|---|---|---|---|
| 001 | UCZ7019 | ||
| 003 | CL-VaPUC | ||
| 008 | 951222e19940000SP |||||||||||||||||spa|d | ||
| 082 | 0 | 4 | |a Ar863 |b BOR |2 21 |
| 100 | |a Borges, Jorge Luis |e autor |9 322093 | ||
| 245 | 1 | 3 | |a El Aleph |
| 300 | |a 184 p | ||
| 942 | |c BK | ||
| 945 | |d 19951222 00:00:00 |a rleighto | ||
| 260 | |a Madrid |b Alianza |c 1994 | ||
| 650 | 0 | |a Novelas argentinas |9 267871 | |
| 583 | |a last modification |c 19951222 00:00:00 |k Rodrigo Vera | ||
| 490 | 0 | |a El Libro de Bolsillo. Sección Literatura, 309 | |
| 999 | |c 243151 |d 243149 | ||
| 952 | |0 0 |1 0 |4 0 |6 AR_863_000000000000000_BOR_1994 |7 0 |8 A |9 256610 |a BIBEDU |b BIBEDU |d 2019-11-19 |i 3163946 |l 2 |m 1 |o Ar863 BOR 1994 |p 3163946 |r 2024-09-16 |s 2024-08-28 |w 2019-11-19 |y BK |k EDU | ||
| 952 | |0 0 |1 0 |4 0 |6 AR_863_000000000000000_BOR_1994 |7 0 |8 A |9 256611 |a BIBEDU |b BIBEDU |d 2019-11-19 |i 3163954 |o Ar863 BOR 1994 |p 3163954 |r 2019-11-19 |w 2019-11-19 |y BK |k EDU | ||